Meilleurs Buteurs du PSG - Statistiques

Statistiques générales
  • Ce quiz a été pris 872 fois
  • Le résultat moyen est 8 sur 20
Statistiques - réponses
Buts Nation Joueur % Correct
256 France Kylian Mbappé
100%
200 Uruguay Edinson Cavani
97%
118 Brésil Neymar
95%
156 Suède Zlatan Ibrahimovic
95%
109 Portugal Pauleta
75%
93 Argentine Angel Di Maria
65%
55 Liberia George Weah
56%
72 Brésil Rai
41%
45 Argentine Javier Pastore
33%
44 France David Ginola
25%
46 Brésil Lucas Moura
24%
98 Algérie Mustapha Dahleb
21%
57 France Guillaume Hoarau
20%
47 Brésil Nenê
20%
85 Bosnie-Herzégovine Safet Susic
19%
100 France Dominique Rocheteau
17%
39 France Luis Fernandez
9%
87 Congo François M'Pelé
7%
71 Argentine Carlos Bianchi
6%
43 Tchad Nambatingue Toko
3%
Aucun quiz correspondant
Distribution des résultats
% des personnes avec chaque résultat
Percentile par nombre de réponses
Votre historique - résultats
Vous n’avez pas pris ce quiz